Classics in nut shell/ (Record no. 12351)

MARC details
000 -LEADER
fixed length control field 00689 a2200205 4500
010 ## - LIBRARY OF CONGRESS CONTROL NUMBER
LC control number ENG-90177
020 ## - INTERNATIONAL STANDARD BOOK NUMBER
International Standard Book Number 8189596132
Terms of availability 295.00
035 ## - SYSTEM CONTROL NUMBER
System control number EN-73710
037 ## - SOURCE OF ACQUISITION
Source of stock number/acquisition DBAD / VEN
082 14 - DEWEY DECIMAL CLASSIFICATION NUMBER
Classification number 883.08
090 ## - LOCALLY ASSIGNED LC-TYPE CALL NUMBER (OCLC); LOCAL CALL NUMBER (OCLC)
-- 12714
-- 12714
100 1# - MAIN ENTRY--PERSONAL NAME
Personal name Nahata, Premkumari
245 1# - TITLE STATEMENT
Title Classics in nut shell/
Statement of responsibility, etc by Premkumari Nahata
260 ## - PUBLICATION, DISTRIBUTION, ETC. (IMPRINT)
Place of publication, distribution, etc New Delhi
Name of publisher, distributor, etc S. Kumar & Co.
Date of publication, distribution, etc 2008
260 ## - PUBLICATION, DISTRIBUTION, ETC. (IMPRINT)
Place of publication, distribution, etc Delhi
Name of publisher, distributor, etc Chandramukhi Prakashan (Distributors)
270 ## - ADDRESS
Address E-578, Main Road, Tisra Pusta, Jagjit Nagar,
City Delhi
Postal code 110053
300 ## - PHYSICAL DESCRIPTION
Extent 160p.
Dimensions 22 cm. (Hb)
942 ## - ADDED ENTRY ELEMENTS (KOHA)
Institution code [OBSOLETE] dpl
Koha item type English Books
Call number prefix 883.08 / NAH
Holdings
Withdrawn status Lost status Source of classification or shelving scheme Damaged status Not for loan Collection code Home library Current library Source of acquisition Cost, normal purchase price Total Checkouts Full call number Barcode Date last seen Copy number Uniform Resource Identifier Cost, replacement price Price effective from Koha item type
    Dewey Decimal Classification   Not For Loan Fiction D.B.Act.Division D.B.Act.Division DBAD/PUB 295.00   883.08 EN-73710 15/09/2008 1 13557 295.00 15/09/2008 English Books

© Delhi Public Library
Hit Counter
free hit counter